000 00743nam a2200121Ia 4500
008 220620s9999||||xx |||||||||||||| ||und||
100 _aJones, Ann
245 0 _aNo Truck with the Chilean Junta!
_bTrade Union Internationalism, Australia and Britain, 1973-1980
546 _aEnglish[eng]
650 _achile||australia||britain||unions||Amalgamated Engineering Union||Chileans||Labour movement||Manchester||Trade union||Trades Union Congress
856 _uhttps://library.oapen.org/bitstream/20.500.12657/33348/1/502552.pdf||https://library.oapen.org/bitstream/20.500.12657/33348/1/502552.pdf||https://library.oapen.org/bitstream/20.500.12657/33348/1/502552.pdf||https://library.oapen.org/bitstream/20.500.12657/33348/1/502552.pdf
942 _cEB
999 _c26970
_d26970